Technológia ubytovacích a stravovacích služieb praktikum

Bibliographic Details
Main Authors: Orieška, Ján, 1948- (Author), Gúčik, Marian, 1945- (Author), Vetráková, Milota, 1950- (Author), Dandárová, Zlata (Author), Moškurjaková, Oľga, 1963- (Author)
Format: Book
Language:Slovak
PhysicalDescription:134 s. 29 cm
Published: Bratislava Vysoká škola ekonomická 1992
ISBN:802250355X
Edition:1. vyd.
Series:Vysokoškolské skriptá
Subjects:

MARC

LEADER 00000cam a2200000 a 4500
001 vtls001068682
003 SK-MaSNL
005 20260301182914.0
008 240513s1992 xo frnp 000 0 slo
015 |a SNBA1992/08 
020 |a 802250355X 
035 |a SNK000011512 
035 |a urn:nbn:sk:snk-amlgzk 
035 |a urn:nbn:sk:snk-am00bmny 
035 |a 918D4452-6A00-4A67-9E02-DEEB9B45656B 
040 |a SNK  |b slo  |c SNK  |e AACR2 
041 0 |a slo 
044 |a xo  |c SK 
080 |a 64.024(075.8)(076.5)  |2 1981 
100 1 |a Orieška, Ján,  |d 1948-  |4 aut  |9 112382 
245 1 0 |a Technológia ubytovacích a stravovacích služieb  |b praktikum  |c Ján Orieška ; Marián Gúčik, Milota Vetráková, Zlata Dandárová, Oľga Moškurjaková 
250 |a 1. vyd. 
260 |a Bratislava  |b Vysoká škola ekonomická  |c 1992  |e Bratislava  |f Edičné stredisko VŠE 
300 |a 134 s.  |c 29 cm 
366 |e 250 výt. 
490 1 |a Vysokoškolské skriptá 
504 |a Obsahuje bibliografiu 
650 0 7 |a spoločné stravovanie  |2 SNKPH  |9 68123 
650 0 7 |a ubytovanie  |2 SNKPH  |9 429714 
655 7 |a učebnice vysokých škôl  |2 SNKPH  |9 70191 
655 7 |a Textbooks (higher)  |2 SNKPHeng  |9 276436 
700 1 |a Gúčik, Marian,  |d 1945-  |4 aut  |9 198205 
700 1 |a Vetráková, Milota,  |d 1950-  |4 aut  |9 104100 
700 1 |a Dandárová, Zlata  |4 aut  |9 557416 
700 1 |a Moškurjaková, Oľga,  |d 1963-  |4 aut  |9 60690 
830 0 |a Vysokoškolské skriptá  |9 276440 
852 |a Slovenská národná knižnica 
919 |a 80-225-0355-X 
954 |a odborná, vedecká literatúra pôvodná (slovenská)  |2 lita 
958 0 7 |a NB 
958 0 7 |a UV 
958 0 7 |a RM 
999 |c 855207  |d 857137 
952 |t P60, <04>, [BOOK], {604}  |a SNK  |b SNK  |y VYP  |7 0  |p 17A0029285  |o snkSB 49672 D1  |0 0  |1 0  |4 0  |d 1996-12-20  |l 0  |r 2004-12-31 00:00:00  |w 2026-02-24 
952 |a SNK  |b SNK  |y PREZ  |7 0  |p 17A0804416  |o snkSB 49672  |0 0  |1 0  |4 0  |d 2012-07-16  |f 1  |l 0  |r 2025-03-05 00:00:00  |w 2026-02-24